[Event "Ambalangoda Dhamso op 4th"]
[Site "Ambalangoda"]
[Date "2014.05.02"]
[Round "6"]
[White "Amarasinghe, AACB"]
[Black "Sanjeewa, Krishan"]
[Result "1-0"]
[WhiteElo "1852"]
[BlackElo "1545"]
[PlyCount "80"]
[EventDate "2014.04.30"]
[EventType "swiss"]
[EventRounds "9"]
[EventCountry "SRI"]
[SourceTitle "CBM 160 Extra"]
[Source "ChessBase"]
[SourceDate "2014.07.01"]
[SourceVersion "1"]
[SourceVersionDate "2014.07.01"]
[SourceQuality "1"]

1. e4 d5 2. exd5 Qxd5 3. Nc3 Qd6 4. d4 Nf6 5. Nf3 a6 6. g3 b5 7. Bg2 Bb7 8. 0-0 e6 9. Bf4 Qb6 10. a4 Bd6 11. Ne5 b4 12. Nc4 Qa7 13. Bxb7 Qxb7 14. Bxd6 bxc3 15. Ba3 cxb2 16. Nxb2 Nbd7 17. c4 c5 18. dxc5 Ne5 19. f4 Neg4 20. Qf3 Qa7 21. h3 Nh6 22. g4 Nd7 23. Nd3 0-0 24. Kh2 Rfc8 25. Rab1 Rab8 26. c6 Nb6 27. Bd6 Ra8 28. Bc5 Qc7 29. Rxb6 a5 30. Rfb1 f6 31. Qe4 e5 32. fxe5 fxe5 33. Qxe5 Qd8 34. Rb7 Nxg4+ 35. hxg4 Qh4+ 36. Kg2 Qxg4+ 37. Qg3 Qe2+ 38. Nf2 g6 39. Bd4 Rf8 40. Rg7+ Kh8 1-0